[Event "Tata Steel India Blitz w"]
[Site "Kolkata IND"]
[Date "2023.09.04"]
[Round "16.1"]
[White "Savitha, Shri B"]
[Black "Koneru, Humpy"]
[Result "0-1"]
[WhiteTitle "WIM"]
[BlackTitle "GM"]
[WhiteElo "2375"]
[BlackElo "2553"]
[WhiteFideId "35061887"]
[BlackFideId "5008123"]
[EventDate "2023.09.03"]

1. e4 g6 2. d4 Bg7 3. Nc3 c6 4. Be3 d5 5. Nf3 dxe4 6. Nxe4 Nf6 7. Nxf6+ exf6 8.
Be2 Nd7 9. Qd2 f5 10. O-O O-O 11. Rfd1 Nf6 12. Bg5 Qb6 13. Bxf6 Bxf6 14. c3 Be6
15. b3 Rad8 16. Bc4 Bxc4 17. bxc4 c5 18. d5 Qa5 19. Rac1 Rfe8 20. Qd3 b6 21. Rc2
Qa4 22. h3 Re4 23. Nd2 Re7 24. Nb3 h5 25. Re2 Rxe2 26. Qxe2 Bxc3 27. d6 Qd7 28.
Rd5 Bf6 29. Qd2 Re8 30. g3 Re6 31. a4 Be5 32. a5 Rxd6 33. axb6 axb6 34. Nc1 Rxd5
35. cxd5 Bd4 36. Qa2 b5 37. Nd3 c4 38. Nf4 Kg7 39. Qd2 Be5 40. Ne2 Qd6 41. f4
Bf6 42. Kg2 b4 43. Nc1 b3 44. Ne2 b2 45. Nc3 Bxc3 46. Qxc3+ Qf6 47. Qc2 Qd4 48.
d6 Kf8 49. Qe2 Qe4+ 0-1

[Event "Tata Steel India Blitz w"]
[Site "Kolkata IND"]
[Date "2023.09.04"]
[Round "16.2"]
[White "Batsiashvili, Nino"]
[Black "Ju, Wenjun"]
[Result "0-1"]
[WhiteTitle "GM"]
[BlackTitle "GM"]
[WhiteElo "2474"]
[BlackElo "2568"]
[WhiteFideId "13602993"]
[BlackFideId "8603006"]
[EventDate "2023.09.03"]

1. d4 Nf6 2. Nf3 d5 3. Bf4 c5 4. e3 e6 5. Nbd2 Qb6 6. Rb1 Bd6 7. dxc5 Qxc5 8. b4
Qc7 9. Bxd6 Qxd6 10. c4 O-O 11. Be2 a5 12. bxa5 Rxa5 13. Qb3 Nc6 14. O-O d4 15.
exd4 Nxd4 16. Nxd4 Qxd4 17. Nf3 Qa7 18. Rb2 h6 19. Rd1 e5 20. h3 Re8 21. Bf1 Ra3
22. Qb5 e4 23. Nd4 Rxa2 24. Rxa2 Qxa2 25. c5 Qa3 26. Nc2 Qc3 27. Ne3 Be6 28. Rd6
Rc8 29. Qxb7 Qxc5 30. Qe7 Re8 0-1

[Event "Tata Steel India Blitz w"]
[Site "Kolkata IND"]
[Date "2023.09.04"]
[Round "16.3"]
[White "Divya, Deshmukh"]
[Black "Ushenina, Anna"]
[Result "1-0"]
[WhiteTitle "WGM"]
[BlackTitle "GM"]
[WhiteElo "2372"]
[BlackElo "2434"]
[WhiteFideId "35006916"]
[BlackFideId "14110911"]
[EventDate "2023.09.03"]

1. e4 c5 2. Nf3 e6 3. d4 cxd4 4. Nxd4 Nc6 5. Nc3 Qc7 6. Be2 Nf6 7. Ndb5 Qb8 8.
f4 d6 9. Be3 Be7 10. O-O O-O 11. Qd2 a6 12. Nd4 Bd7 13. a4 Qc7 14. Bf3 Na5 15.
b3 Rac8 16. Nde2 Nc6 17. Rad1 Rfd8 18. Qe1 Be8 19. Qf2 Nd7 20. Rd2 Nb4 21. Nb1
b5 22. axb5 axb5 23. c3 Na6 24. Na3 Qb8 25. Nc2 Bf6 26. Rfd1 Ndc5 27. b4 Na4 28.
Bd4 e5 29. fxe5 dxe5 30. Ba7 Rxd2 31. Rxd2 Qc7 32. Rd3 Rd8 33. Rxd8 Qxd8 34. Ne3
Qd3 35. Nd5 Bd8 36. Be3 Nc7 37. h3 Nxd5 38. exd5 Nxc3 39. Nxc3 Qxc3 40. Bc5 Qd3
41. Be2 Qb1+ 42. Kh2 Qe4 43. d6 Bh4 44. Qf3 Qxf3 45. Bxf3 Bd7 46. g3 Bd8 47. Bd5
g6 48. Kg2 Kg7 49. g4 f5 50. gxf5 gxf5 51. Kf3 Kf6 52. Be3 Be6 1-0

[Event "Tata Steel India Blitz w"]
[Site "Kolkata IND"]
[Date "2023.09.04"]
[Round "16.5"]
[White "Shuvalova, Polina"]
[Black "Vantika, Agrawal"]
[Result "0-1"]
[WhiteTitle "IM"]
[BlackTitle "WGM"]
[WhiteElo "2496"]
[BlackElo "2430"]
[WhiteFideId "24171760"]
[BlackFideId "25050389"]
[EventDate "2023.09.03"]

1. e4 c5 2. Nf3 d6 3. Bb5+ Nd7 4. O-O a6 5. Bd3 Ngf6 6. Re1 e6 7. c3 b5 8. a4 c4
9. Bc2 Bb7 10. axb5 axb5 11. Rxa8 Qxa8 12. Na3 Bxe4 13. Bxe4 Nxe4 14. Nxb5 Qb7
15. Qa4 d5 16. Nfd4 Be7 17. b3 Nec5 18. Qa5 O-O 19. bxc4 dxc4 20. Ba3 Ra8 21.
Qb4 Nd3 22. Qxe7 Nxe1 23. f3 Nd3 24. h3 h6 25. Bd6 Qc8 26. Qh4 Ra1+ 27. Kh2 Ra2
28. Bg3 Rxd2 29. Nd6 Qf8 30. Nxc4 Ra2 31. Qe4 N7c5 32. Qe3 Qa8 33. Nd6 Qa3 34.
Ne4 Qb2 35. Nd2 Qxd2 0-1

[Event "Tata Steel India Blitz w"]
[Site "Kolkata IND"]
[Date "2023.09.04"]
[Round "17.1"]
[White "Vantika, Agrawal"]
[Black "Dronavalli, Harika"]
[Result "1-0"]
[WhiteTitle "WGM"]
[BlackTitle "GM"]
[WhiteElo "2430"]
[BlackElo "2500"]
[WhiteFideId "25050389"]
[BlackFideId "5015197"]
[EventDate "2023.09.03"]

1. d4 Nf6 2. c4 g6 3. Nc3 Bg7 4. e4 O-O 5. Be2 c5 6. d5 d6 7. h3 e6 8. Nf3 Na6
9. O-O Nc7 10. a4 Na6 11. dxe6 Bxe6 12. Bf4 Ne8 13. Qd2 Nb4 14. Rad1 Qb6 15. Bh6
Nc6 16. Bxg7 Kxg7 17. Nd5 Bxd5 18. cxd5 Ne7 19. Qc3+ f6 20. Ng5 Nc7 21. Ne6+
Nxe6 22. dxe6 Rfd8 23. Bb5 d5 24. exd5 Nxd5 25. Qe1 Qc7 26. Qe4 Qe5 27. Rfe1
Qxe4 28. Rxe4 Ne7 29. Rd7 Rxd7 30. exd7 Kf8 31. Re6 a6 32. Rxf6+ Kg7 33. Re6 Kf8
34. Bc4 Ng8 35. Re8+ Rxe8 36. dxe8=Q+ Kxe8 37. Bxg8 1-0

[Event "Tata Steel India Blitz w"]
[Site "Kolkata IND"]
[Date "2023.09.04"]
[Round "17.2"]
[White "Shuvalova, Polina"]
[Black "Divya, Deshmukh"]
[Result "1/2-1/2"]
[WhiteTitle "IM"]
[BlackTitle "WGM"]
[WhiteElo "2496"]
[BlackElo "2372"]
[WhiteFideId "24171760"]
[BlackFideId "35006916"]
[EventDate "2023.09.03"]

1. e4 e5 2. Nc3 Nf6 3. d4 exd4 4. Qxd4 Nc6 5. Qd3 d6 6. Bd2 Be6 7. O-O-O Qe7 8.
f4 O-O-O 9. Kb1 g6 10. Nf3 Bg7 11. h3 d5 12. e5 Ne4 13. Nxe4 Bf5 14. Nd6+ cxd6
15. Qa3 dxe5 16. Qxe7 Nxe7 17. Nxe5 Bxe5 18. fxe5 Nc6 19. Bg5 Rd7 20. Bb5 Re8
21. Rhe1 a6 22. Bxc6 bxc6 23. b3 Be4 24. Bf6 Bxg2 25. h4 h5 26. Rd4 Be4 27. Re3
Rb7 28. Ra4 Rb6 29. Kb2 Kd7 30. Rc3 Reb8 31. Ra5 Ke6 32. Rac5 Rc8 33. a4 Kd7 34.
Re3 Rb4 35. Ra5 Ra8 36. Rc5 Rc8 37. Ra5 Ra8 38. Rc5 Bf5 39. Rec3 Rc8 40. Ra5 Ra8
41. Rac5 Rc8 42. Ra5 Ra8 43. Rac5 Rc8 1/2-1/2

[Event "Tata Steel India Blitz w"]
[Site "Kolkata IND"]
[Date "2023.09.04"]
[Round "17.4"]
[White "Ju, Wenjun"]
[Black "Savitha, Shri B"]
[Result "1-0"]
[WhiteTitle "GM"]
[BlackTitle "WIM"]
[WhiteElo "2568"]
[BlackElo "2375"]
[WhiteFideId "8603006"]
[BlackFideId "35061887"]
[EventDate "2023.09.03"]

1. d4 Nf6 2. c4 g6 3. Nf3 Bg7 4. g3 c5 5. d5 b5 6. cxb5 O-O 7. Nc3 a6 8. bxa6 d6
9. Bg2 Nxa6 10. O-O Bf5 11. Nd2 Nb4 12. e4 Bg4 13. f3 Bd7 14. Nc4 Qc7 15. a3 Na6
16. Re1 Rfb8 17. f4 Ng4 18. e5 dxe5 19. d6 exd6 20. Bxa8 Rxa8 21. h3 Be6 22. Nd5
Qb7 23. Nxd6 Qxd5 24. Qxd5 Bxd5 25. hxg4 e4 26. Kf1 Bd4 27. Nxe4 f5 28. gxf5
gxf5 29. Nf2 c4 30. Rb1 Nc5 31. Be3 Bxe3 32. Rxe3 Rb8 33. Rd1 Bf7 34. Rd2 Na4
35. Nd1 Rb7 36. g4 fxg4 37. f5 h5 38. f6 Kh7 39. Re7 Rxe7 40. fxe7 h4 41. Rd8 h3
42. e8=Q Bxe8 43. Rxe8 g3 44. Re3 g2+ 45. Kg1 1-0

[Event "Tata Steel India Blitz w"]
[Site "Kolkata IND"]
[Date "2023.09.04"]
[Round "17.5"]
[White "Koneru, Humpy"]
[Black "Ushenina, Anna"]
[Result "1/2-1/2"]
[WhiteTitle "GM"]
[BlackTitle "GM"]
[WhiteElo "2553"]
[BlackElo "2434"]
[WhiteFideId "5008123"]
[BlackFideId "14110911"]
[EventDate "2023.09.03"]

1. d4 d5 2. Nf3 e6 3. e3 Nf6 4. Bd3 b6 5. O-O Bb7 6. b3 Nbd7 7. Bb2 Bd6 8. Nbd2
O-O 9. c4 Qe7 10. Ne5 Ne4 11. Nxd7 Qxd7 12. Nf3 Qe7 13. Rc1 f5 14. Ne5 Bxe5 15.
dxe5 dxc4 16. bxc4 Rfd8 17. Qe2 Nc5 18. Bc2 Qg5 19. f3 Rd7 20. Rfd1 Rad8 21. Ba3
Rxd1+ 22. Rxd1 Rxd1+ 23. Bxd1 Qd8 24. Bxc5 bxc5 25. Bc2 Bc6 26. Qd1 Qb8 27. Bb3
h6 28. Kf2 a5 29. h3 h5 30. h4 Kf7 31. Kg3 Ke7 32. Kf2 Qb4 33. Kg3 a4 34. Bc2
Qxc4 35. Qb1 Qc3 36. Bd3 Qxe5+ 37. Kf2 Qc3 38. Bb5 Bd5 39. Bxa4 Qd2+ 40. Kg3
Qxe3 41. Qb5 Qe5+ 42. Kh3 Qd6 43. Qe8+ Kf6 44. Qxh5 c4 45. Qg5+ Kf7 46. Qh5+ Kf6
47. Qg5+ Kf7 48. Qh5+ Kf6 49. Qg5+ Kf7 50. Qh5+ Kf6 51. Qg5+ 1/2-1/2

[Event "Tata Steel India Blitz w"]
[Site "Kolkata IND"]
[Date "2023.09.04"]
[Round "18.1"]
[White "Ushenina, Anna"]
[Black "Ju, Wenjun"]
[Result "0-1"]
[WhiteTitle "GM"]
[BlackTitle "GM"]
[WhiteElo "2434"]
[BlackElo "2568"]
[WhiteFideId "14110911"]
[BlackFideId "8603006"]
[EventDate "2023.09.03"]

1. Nf3 d5 2. c4 e6 3. g3 Nf6 4. Bg2 dxc4 5. Qa4+ Bd7 6. Qxc4 c5 7. a4 Bc6 8. O-O
Be7 9. d3 O-O 10. Nbd2 Nbd7 11. Qb3 Qc7 12. Nc4 e5 13. e4 Rfe8 14. h3 h6 15. Be3
b6 16. Rfc1 Bf8 17. Qc3 Rad8 18. a5 Rc8 19. axb6 axb6 20. Nh4 b5 21. Na5 Ba8 22.
Nf5 Kh7 23. Qd2 Nb6 24. g4 Rcd8 25. Qc2 g6 26. Ng3 Rc8 27. g5 hxg5 28. Bxg5 Bg7
29. h4 Qd7 30. Qe2 Qg4 31. Bf3 Qh3 32. Bg2 Qg4 33. Qe3 Nbd7 34. Bf3 Qe6 35. Kg2
c4 36. dxc4 bxc4 37. Rh1 Kg8 38. h5 Nh7 39. hxg6 fxg6 40. Bh6 Bf6 41. Rh2 Nc5
42. Rc1 Nd3 43. Rxc4 Rxc4 44. Qxd3 Rcc8 45. b3 Rcd8 46. Qe3 Qe7 47. Nc4 Bg5 48.
Qb6 Qf6 49. Qa7 Bxh6 50. Rxh6 Re7 51. Qa5 Rf8 52. Nd2 Ng5 53. Qc3 Nxf3 54. Nxf3
Ref7 55. Nf5 Rh7 56. Rxh7 Kxh7 57. Qc7+ Kh8 58. N5h4 Qg7 59. Qd6 Bxe4 60. Kg3
Bxf3 61. Nxf3 e4 62. Ne5 Rf6 63. Qd8+ Kh7 64. Qd2 Rf5 65. Ng4 Rh5 66. Qd6 Rf5
67. Qc6 Qf7 68. Qxe4 Qxb3+ 69. Ne3 Rf7 70. Qh4+ Kg7 71. Qd4+ Kg8 72. Qd8+ Rf8
73. Qd6 Qf7 74. Qd2 Qf3+ 0-1

[Event "Tata Steel India Blitz w"]
[Site "Kolkata IND"]
[Date "2023.09.04"]
[Round "18.3"]
[White "Divya, Deshmukh"]
[Black "Koneru, Humpy"]
[Result "0-1"]
[WhiteTitle "WGM"]
[BlackTitle "GM"]
[WhiteElo "2372"]
[BlackElo "2553"]
[WhiteFideId "35006916"]
[BlackFideId "5008123"]
[EventDate "2023.09.03"]

1. e4 e5 2. Nf3 Nf6 3. Nxe5 d6 4. Nf3 Nxe4 5. d4 d5 6. Bd3 Be7 7. O-O Bf5 8. c4
dxc4 9. Bxc4 O-O 10. Nc3 Nd6 11. Bd3 Re8 12. Bf4 Bxd3 13. Qxd3 Nd7 14. Rfe1 h6
15. Nd5 Nf6 16. Nxe7+ Rxe7 17. Rxe7 Qxe7 18. Re1 Qd7 19. Qb3 Re8 20. Rxe8+ Nfxe8
21. h3 a6 22. Kh2 Qb5 23. Qc2 Qc4 24. Qxc4 Nxc4 25. b3 Nb6 26. Nd2 Nd5 27. Bg3
Nb4 28. a4 Nc2 29. Nf3 f6 30. Kg1 Kf7 31. Kf1 Ke6 32. Ke2 Kd5 33. Kd3 Nb4+ 34.
Kc3 Nc6 35. Bf4 g5 36. Be3 Nd6 37. Nd2 f5 38. f3 f4 39. Bf2 Nf5 40. Ne4 Ncxd4
41. Nf6+ Ke6 42. Ne8 Nc6 43. Nxc7+ Kd6 44. Na8 Nce7 0-1

[Event "Tata Steel India Blitz w"]
[Site "Kolkata IND"]
[Date "2023.09.04"]
[Round "18.4"]
[White "Batsiashvili, Nino"]
[Black "Vantika, Agrawal"]
[Result "1-0"]
[WhiteTitle "GM"]
[BlackTitle "WGM"]
[WhiteElo "2474"]
[BlackElo "2430"]
[WhiteFideId "13602993"]
[BlackFideId "25050389"]
[EventDate "2023.09.03"]

1. d4 Nf6 2. Nf3 g6 3. g3 Bg7 4. Bg2 O-O 5. O-O d6 6. b3 e5 7. dxe5 dxe5 8. Ba3
Qxd1 9. Rxd1 Re8 10. Nc3 e4 11. Ng5 Bf5 12. Nb5 Na6 13. Rac1 h6 14. Nh3 g5 15.
f4 g4 16. Nf2 Rad8 17. h3 h5 18. Rxd8 Rxd8 19. hxg4 hxg4 20. Rd1 Rxd1+ 21. Nxd1
Nd5 22. c4 Ndb4 23. Nxc7 Nc2 24. Nxa6 Nxa3 25. Nb4 Nb1 26. Kf2 Bd4+ 27. e3 Bc5
28. Nd5 Kg7 29. N1c3 Nd2 30. Ke2 Nf3 31. b4 Bf8 32. c5 Be6 33. Bf1 f5 34. Kd1
Kf7 35. Bc4 Bg7 36. Bb3 Bxc3 37. Nxc3 Bxb3+ 38. axb3 Ke6 39. b5 b6 40. c6 Kd6
41. b4 Nh2 42. Ke2 Nf3 43. Nd5 Ng1+ 44. Kf2 Nf3 45. Ke2 Ng1+ 46. Kd1 Nf3 47. Nf6
Nh2 48. Ke2 Nf3 49. Ne8+ Ke7 50. Ng7 Kd8 51. Nxf5 Kc7 52. Ng7 a6 53. Ne6+ Kd6
54. c7 Kd7 55. bxa6 b5 56. a7 Ng1+ 57. Kf2 Nh3+ 58. Kg2 1-0

[Event "Tata Steel India Blitz w"]
[Site "Kolkata IND"]
[Date "2023.09.04"]
[Round "18.5"]
[White "Dronavalli, Harika"]
[Black "Shuvalova, Polina"]
[Result "0-1"]
[WhiteTitle "GM"]
[BlackTitle "IM"]
[WhiteElo "2500"]
[BlackElo "2496"]
[WhiteFideId "5015197"]
[BlackFideId "24171760"]
[EventDate "2023.09.03"]

1. Nf3 d5 2. g3 g6 3. Bg2 Bg7 4. d4 Nf6 5. O-O O-O 6. c4 c6 7. a4 Be6 8. Nc3
dxc4 9. e4 Na6 10. Ne5 Nd7 11. f4 Nxe5 12. fxe5 Nb4 13. Be3 a5 14. Qe2 Qd7 15.
Bf3 c5 16. dxc5 Bxe5 17. Rfd1 Nd3 18. Nd5 Bxd5 19. exd5 Nxb2 20. Bh6 Bf6 21.
Bxf8 Nxd1 22. Rxd1 Rxf8 23. Qxc4 Qf5 24. Kg2 Qe5 25. Rd2 Rc8 26. c6 bxc6 27.
dxc6 h5 28. Qb5 Qc3 29. Re2 Kg7 30. Qb7 Rf8 31. Qd7 e6 32. c7 h4 33. Qc6 Qxc6
34. Bxc6 Rc8 35. Rc2 Rxc7 36. Be4 Rd7 37. Bc6 Rd4 38. Bb5 hxg3 39. hxg3 Be5 40.
Rc5 Bd6 41. Rc6 Kf6 42. Ra6 Bb4 43. Ra7 Rd2+ 44. Kf3 Rd8 45. Rd7 Rc8 46. Ra7
Rc3+ 47. Kg2 Bd6 48. g4 Rg3+ 49. Kf1 Rxg4 50. Rxa5 Rf4+ 51. Ke2 g5 52. Ra6 Bb4
53. Ra7 Rf5 54. Be8 Kg7 55. Bb5 g4 56. Bd3 Re5+ 57. Kf2 Bc5+ 0-1